Trouve la ville sur la photo - Statistiques

Statistiques générales
  • Ce quiz a été pris 80 fois
  • Le résultat moyen est 9 sur 16
Statistiques - réponses
Par images Réponse % Correct
Dubaï
93%
Moscou
92%
Venise
90%
Tokyo
88%
Marrakech
85%
Rio de Janeiro
78%
Miami
65%
Sydney
57%
Seattle
53%
Nice
51%
Madrid
49%
Bangkok
33%
Nouvelle-Orléans
26%
Reykjavik
25%
Monte-Carlo
21%
Riyad
19%
Aucun quiz correspondant
Distribution des résultats
% des personnes avec chaque résultat
Percentile par nombre de réponses
Votre historique - résultats
Vous n’avez pas pris ce quiz